00588nam a22001697a 450000500170000001000150001702000260003203500130005803700130007108200060008410000290009024501270011926000410024627000810028730000250036870000250039320150515171623.0 aENG-112684 c115.00a9788123763316 aEN-96216 bDBAD/PUB aS a Goswami, Dinesh Chandra00aThe hair timer :cby Dinesh Chandra Goswami ; translated by Amrit Jyoti Mahantaban anthology of science fiction stories / aNew DelhibNational Book Trustc2011 aNehru Bhawan, 5 Institutional Area, Phase-ll Vasant Kunj bNew Delhie110070 axxi,237p.c22cm(pbk) aMahanta, Amrit Jyoti